000 00636nam a22001817a 4500
003 UA-OsUOA
001 15959
007 ta
008 20031214b un ||||| |||| 00| 0 ukr d
100 _aГладунова Є.
942 _cSA
040 _aUA-OsUOA
_cUA-OsUOA
_dUA-OsUOA
245 _a"О рідна мово, скарбе мій!"
_b[Працівники Рівнен. обл. б-ки провели свято укр. мови спільно з "Просвітою"
300 _aС.17
955 _a0
773 0 _w0
_tСім днів
_dРівне
_d2003
_g№46/ 14 листоп./
650 7 _aКраєзнавча робота
_2UDC
999 _c302124
_d302124